000 00375 a2200157 4500
001 14522
020 _a9788516117979
040 _cAnchieta - Aquarius
100 _aPapp, Lisa
240 1 0 _aMadeline Finn e os cães do abrigo
_lpor
245 1 0 _aMadeline Finn e os cães do abrigo
300 _a30
362 0 _a2019
650 4 _aLiteratura infanto-juvenil
942 _cBK
999 _c14522
_d14522